Normal view
MARC view
- المقامات العربية - تاريخ ونقد - العصر العباسي الثاني
Entry Topical Term
001 - CONTROL NUMBER
- control field: 27126
003 - CONTROL NUMBER IDENTIFIER
- control field: JO-AjAnu
005 - DATE AND TIME OF LATEST TRANSACTION
- control field: 20230606074619.0
008 - FIXED-LENGTH DATA ELEMENTS
- fixed length control field: 230606|| aca||aabn | a|a d
040 ## - CATALOGING SOURCE
- Original cataloging agency: JO-AjAnu
- Transcribing agency: JO-AjAnu
150 ## - HEADING--TOPICAL TERM
- Topical term or geographic name entry element: المقامات العربية - تاريخ ونقد - العصر العباسي الثاني
670 ## - SOURCE DATA FOUND
- Source citation: Work cat.: (JO-AjAnu)13932: قدم لها وشرح غوامضها عبده،محمد, author 27125, مقامات بديع الزمان الهمذاني أبي الفضل أحمد بن الحسين بن يحيى المتوفى سنة 398 هـ